000 00979 a2200229 4500
001 41200
005 20260407155706.0
008 260407a2012 arg spa d
003 AR-UNSa-BCEJYS
040 _aAR-UNSa-BCEJYS
_bspa
_cAR-UNSa-BCEJYS
080 _a347.238.3
_xOtras clases de copropiedad; p.e., propiedad horizontal
245 1 0 _aPropiedad horizontal, conjuntos inmobiliarios y tiempo compartido
020 _a978-950-894-893-9
264 1 _aBuenos Aires :
_bAD-HOC
_c2012
300 _a175 p.
_c23 cm.
505 _a1. Propiedad horizontal - 2. Sistema turístico de tiempo compartido - 3. Opinión autoral - 4. Proyecto de Código Civil y Comercial de la Nación - 5. Síntesis jurisprudencial - 6. Apéndice legislativo
041 _aspa
942 _cBK
590 _aniveau_biblio:m niveau_hierar:0
100 1 _aCura Grassi, Domingo César
856 4 1 _uhttps://biblioeco.unsa.edu.ar/pmb/images/libros/propiedadHorizontal.jpg
_yImagen de portada
_qimage/jpeg
999 _c3419
_d3419